Nursing manual of nutrition and therapeutic diet (Record no. 4075)

MARC details
000 -LEADER
fixed length control field 00556nam a22001817a 4500
003 - CONTROL NUMBER IDENTIFIER
control field OSt
005 - DATE AND TIME OF LATEST TRANSACTION
control field 20250819061634.0
008 - FIXED-LENGTH DATA ELEMENTS--GENERAL INFORMATION
fixed length control field 250819b |||||||| |||| 00| 0 eng d
020 ## - INTERNATIONAL STANDARD BOOK NUMBER
International Standard Book Number 81-8061-120-5.
040 ## - CATALOGING SOURCE
Transcribing agency OC
082 ## - DEWEY DECIMAL CLASSIFICATION NUMBER
Classification number Circ. 613.2 In41n 2003
100 ## - MAIN ENTRY--PERSONAL NAME
Personal name Indrani, T.K.
245 ## - TITLE STATEMENT
Title Nursing manual of nutrition and therapeutic diet
260 ## - PUBLICATION, DISTRIBUTION, ETC.
Place of publication, distribution, etc. New Delhi :
Name of publisher, distributor, etc. Jaypee Brothers,
Date of publication, distribution, etc. c2003.
300 ## - PHYSICAL DESCRIPTION
Extent 365 pages ;
Dimensions 21 cm.
650 ## - SUBJECT ADDED ENTRY--TOPICAL TERM
Source of heading or term Nutrition.
942 ## - ADDED ENTRY ELEMENTS (KOHA)
Source of classification or shelving scheme Dewey Decimal Classification
Koha item type Book Circulation
Classification part Circ. 613.2 In41n 2003
Call number prefix Circ.
Suppress in OPAC No

No items available.